| Tag |
First Indicator |
Second Indicator |
Subfields |
| LEADER |
00000cam a2200000 4500 |
| 001 |
in00000023465 |
| 005 |
20151007064438.0 |
| 008 |
721229s1965 inu b 00000 eng u |
| 010 |
|
|
|a 65026537
|
| 035 |
|
|
|a (OCoLC)00526499
|
| 035 |
|
|
|9 AAD9846AM
|
| 040 |
|
|
|c WSU
|d TXA
|d UtOrBLW
|
| 049 |
|
|
|a TXAM
|c [471403]
|
| 050 |
|
0 |
|a Q175
|b .R87
|
| 092 |
|
|
|a 501
|b R961o, 1965
|
| 100 |
1 |
|
|a Russell, Bertrand,
|d 1872-1970.
|
| 245 |
1 |
0 |
|a On the philosophy of science /
|c [by] Bertrand Russell. Edited with an introd., by Charles A. Fritz, Jr.
|
| 264 |
|
1 |
|a Indianapolis :
|b Bobbs-Merrill,
|c [1965]
|
| 300 |
|
|
|a 232 pages
|
| 336 |
|
|
|a text
|b txt
|2 rdacontent
|
| 337 |
|
|
|a unmediated
|b n
|2 rdamedia
|
| 338 |
|
|
|a volume
|b nc
|2 rdacarrier
|
| 490 |
1 |
|
|a The Library of liberal arts ;
|v 226
|
| 504 |
|
|
|a Bibliography: pages xxvii-xxviii.
|
| 650 |
|
0 |
|a Science
|x Philosophy.
|
| 830 |
|
0 |
|a Library of liberal arts ;
|v 226.
|
| 999 |
|
|
|a MARS
|
| 999 |
f |
f |
|s 6c26caed-2c46-3956-a3cc-ad1c088aa1fa
|i 1b222f7d-5ca0-3378-95f4-ead08ad74f89
|t 0
|
| 952 |
f |
f |
|p ric
|a Texas A&M University
|b Rellis Campus
|c Joint Library Facility
|d Remote Storage
|t 0
|e Q175 .R87
|h Library of Congress classification
|i unmediated -- volume
|m A14800891539
|
| 998 |
f |
f |
|a Q175 .R87
|t 0
|l Remote Storage
|